[Event "Lost Boys"]
[Site "Amsterdam"]
[Date "1999.08.19"]
[Round "6"]
[White "Reinderman, Dimitri"]
[Black "Van der Sterren, Paul"]
[Result "1-0"]
[WhiteElo "2525"]
[BlackElo "2535"]
[Annotator "Blatny,P"]
[PlyCount "83"]
[EventDate "1999.08.13"]
[EventType "tourn"]
[EventRounds "7"]
[EventCountry "NED"]
[EventCategory "14"]
[SourceTitle "CBM 073"]
[Source "ChessBase"]
[SourceDate "1999.12.01"]
[SourceVersion "1"]
[SourceVersionDate "1999.12.01"]
[SourceQuality "1"]

1. e4 e5 2. Nf3 Nf6 3. Nxe5 d6 4. Nxf7 $5 Kxf7 5. d4 {Dieser Zug ist
wahrscheinlich nicht so stark wie} (5. Nc3 {welchen Topalov gegen Kramnik
nutzte, aber Reinderman feiert in dieser Partie mit dieser Fortsetzung einen
schnellen Erfolg.} c5 {1/2-1/2 Topalov,V-Kramnik,V/Linares 1999/CBM 70/(31)}) (
{Eine andere Möglichkeit ist das "Original von Cochrane"} 5. Bc4+ Ke8 (5... Be6
6. Bxe6+ Kxe6 7. d4 Kf7 8. Qf3 Nc6 9. c3 Be7 10. Bf4 Re8 11. Nd2 Kg8 12. O-O-O
Nd7 $6 13. h4 $1 Nf8 14. Qg3 Ng6 $2 15. Bg5 Qd7 16. f4 d5 $6 17. f5 Bxg5 18.
Qxg5 Nf8 19. e5 h6 20. Qf4 Nd8 21. g4 Qa4 22. Kb1 c5 23. g5 hxg5 $6 24. hxg5
$18 {Majdanics,I-Duzs,J/Aggtelek 1993/EXT 97}) 6. O-O c5 (6... Nc6 7. d4 Bg4 8.
f3 Bh5 9. Bg5 Be7 10. Re1 Bf7 11. Qd3 Na5 $6 {Hornetz,B-Eske,A/Polch 1993/} (
11... Bxc4 12. Qxc4 d5 $17) 12. Bxf7+ Kxf7 13. b4 Nc6 14. b5 $36) 7. h3 Qc7 $6
8. f4 Nc6 9. Nc3 a6 10. a4 Qe7 $6 11. Nd5 $5 Qd8 $2 (11... Nxd5 $142 12. exd5
$140 Qf7 $1) 12. d4 $6 cxd4 13. e5 $6 Nxd5 (13... dxe5 14. Nxf6+ gxf6 15. Qh5+
Kd7 16. fxe5 Nxe5 {gefolgt von Kc7, Ld6 und Ld7 sollte Schwarzen zum Gewinn
reichen.}) 14. Bxd5 dxe5 15. Bxc6+ bxc6 16. Qh5+ Kd7 17. fxe5 Kc7 18. Rf7+ Kb8
19. e6 Bd6 20. Bg5 Qb6 21. a5 Qc5 $4 22. b4 $4 (22. Bf4 $3 Qb4 23. c3 $1 dxc3
24. bxc3 $18) 22... Qe5 $4 23. Bf4 $1 Qxe6 $4 (23... Qxf4 $8 24. Rxf4 Bxf4 25.
Re1 $16) 24. Qc5 $1 $18 Qxf7 25. Bxd6+ {1-0 Cochrane,J-Mohishunder/Calcutta
1848/EXT 99 (25)}) 5... Nxe4 $2 {[%mdl 8192] Van der Sterren reagiert auf die
überraschende gegnerische Eröffnungswahl mit einem Fehler. Auch} (5... Qe8 {
ist nicht empfehlenswert, Weiss bekam nach} 6. Bd3 g6 7. O-O Bg7 8. Nc3 Rf8 9.
f4 c6 $2 10. e5 $1 Nd5 11. Ne4 $1 Kg8 $8 12. Nxd6 Qe7 13. Nxc8 Rxc8 14. f5 $1 {
einen sehr starker Angriff. Es geschah noch} Qh4 15. g4 gxf5 16. Bxf5 Re8 17.
Qf3 Na6 18. Qb3 Rab8 19. Bd2 Nac7 20. Rf3 $18 Ne6 $6 (20... Qe7 21. Rh3 $18)
21. Rh3 {1-0 Huebner,H-Quast,M/Leipzig 1998/EXT 99}) ({Aber Schwarz hat zwei
gute Fortsetzungen:} 5... d5 6. e5 Ne4 7. Qh5+ $2 (7. Bd3 $142) 7... g6 8. Qf3+
$6 Kg7 9. Qf4 Be7 10. Qh6+ Kg8 11. h4 c5 12. Be3 cxd4 13. Bxd4 Nc6 14. Bc3 Be6
15. Qf4 Qb6 $19 {0-1 Charest,J-Leger,M/Quebec 1993/EXT 98 (47)}) ({Als bestes
gilt} 5... Bg4 $1 6. f3 Bh5 {Der schwarze Plan besteht darin, die Probleme auf
der empfindlichen Diagonale a2-g8 mittels Kg8 und Lf7 zu lösen.} 7. Bc4+ d5 8.
exd5 Nxd5 9. Qd3 Kg8 10. O-O Bf7 11. Nc3 c6 12. Ne4 h6 13. Bd2 Nd7 14. g4 Qc7
15. Rf2 Bd6 16. Nxd6 Qxd6 17. f4 Re8 $17 {0-1 Krupkova,P-Zhu Chen/Medellin
1996/Juniors (47) und Weiss hat nicht genug Kompensation für die geopferte
Figur.}) 6. Qh5+ g6 ({Vielleicht hat Schwarz uebersehen, dass} 6... Ke7 {nach}
7. Qe2 {sofort verliert.} Kf7 (7... d5 $4 8. Bg5+) (7... Bf5 $4 8. Bg5+ $18) 8.
Qxe4 $18) 7. Qd5+ Kg7 8. Qxe4 $16 Nc6 {In weiterem Verlauf streckt Schwarz die
Waffen nicht, sondern nutzt seinen leichten Entwicklungsvorteil zum
gefährlichen Gegenspiel.} 9. c3 (9. Qd3 $6 Bf5 10. Qd1 Qh4 $40 {zeigt, dass
Weiss ganz vorsichtig sein muss.}) 9... Bf5 10. Qf4 Qd7 11. Be3 d5 12. Nd2 h6 (
{Interessante Idee ist} 12... Bd6 13. Qh6+ Kg8 14. Be2 {und jetzt versucht
Schwarz, durch ewige Jagd auf die weisse Dame einige Remischancen zu kriegen:}
Bf8 15. Qh4 Be7 16. Bg5 $1 (16. Qh6 Bf8) (16. Qf4 Bd6) (16. Qg3 Bd6 17. Qf3 Be6
18. Bh6 Ne7 19. O-O Nf5 $132 20. Bf4 $140 $2 Nh4 (20... Nxd4 21. cxd4 Rf8 22.
g3 g5 $132) 21. Qg3 Nf5 22. Qf3 (22. Qg5 $4 Be7 $19) 22... Nh4 $11) 16... Bxg5
17. Qxg5 Re8 18. Nf1 ({Zur riskanten Verteidigung} 18. Nb3 Bd3 19. Nc5 {
muss man entweder starke Nerven haben, oder Fritz sein...} Rxe2+ 20. Kd1 {
und nach Zurückschlagen auf d3 wird sich Weiss konsolidieren und einen
gesunden Mehrbauern behalten:} Qd6 21. Nxd3 Re8 22. Qg3 $18 {_|_}) 18... Bd3
19. Ne3 (19. Ng3) 19... Bxe2 20. Kxe2 Ne7 21. Kd2 $16) 13. h3 Re8 14. g4 $1 {
Weiss muss sich für die Dame Platz auf g2 machen.} Bd6 15. Qf3 Bc2 {Das
bedeutet zwar "point of no return" für den Läufer, Schwarz wollte aber nicht
mit Be6 die e-Linie "schliessen" oder nach Tausch auf e4 die weisse
Verteidigung erleichtern.} 16. Rc1 $1 (16. Qxd5 $4 Rxe3+ $19) 16... Rhf8 17.
Qg2 (17. Qe2 Rxe3 $1 18. Qxe3 (18. fxe3 $4 Bg3+) 18... Re8 19. Rxc2 $8 Rxe3+
20. fxe3 Qe6 21. Kf2 Be7 $13) 17... Ba4 (17... Be4 18. Nxe4 Rxe4 19. Bd3 $18 {
und Schwarz hat nicht genug Munition zum Weiterführen seines Angriffs.}) 18. b3
$1 Bf4 19. bxa4 Bxe3 20. fxe3 Rxe3+ 21. Kd1 $18 Nxd4 $5 {Praktisch die einzige
Möglichkeit, wie man den Angriff fortsetzen kann. Die Stellung ist objektiv
sowieso verloren, also muss man versuchen, die grössten Probleme für den
Gegner zu bereiten.} 22. cxd4 Qxa4+ 23. Nb3 c6 24. Qc2 (24. Rc2 $142 Rfe8 $140
25. Qd2 $18) 24... Qb4 25. Nd2 (25. Qd2 $4 Rxb3 26. axb3 Qxb3+ 27. Rc2 Qf3+ 28.
Qe2 $8 Qxh1 29. Qe5+ Kg8 (29... Rf6 $4 30. Rf2 $18) 30. Qe6+ Kh8 31. Qe5+ $11)
(25. Bg2 $142 $5 Rfe8 $140 26. Qd2 $18) 25... Rf2 26. Bd3 Qxd4 27. Rf1 Rh2 $6 (
{Zu einem sehr interessantem Endspiel koennte} 27... Rxf1+ 28. Bxf1 Rf3 {
fuehren:} 29. Be2 $8 (29. Ke1 Qf2+ 30. Kd1 Qd4) 29... Qg1+ 30. Nf1 Rxf1+ 31.
Bxf1 Qxf1+ 32. Kd2 Qg2+ 33. Kc3 Qxh3+ 34. Qd3 Qxg4 {Obwohl Schwarz 5 Bauern
für den Turm hat, sollte hier auch das einfache} 35. Qd4+ Qxd4+ 36. Kxd4 $18 {
[%csl Rb7,Rc6,Gd4,Rg7][%cal Gc1b1,Gb1b7,Gd4e5] zum Gewinn reichen, weil Weiss
einen guten König hat und die schwarzen Bauern noch nicht zu weit vor sind.})
28. Bxg6 $2 ({Sofort gewinnt} 28. Qb3 $1 b5 (28... b6 29. Qa3 $18) 29. Qa3 b4
30. Qa6 $18) 28... Ree2 $1 29. Bd3 $8 Rxd2+ 30. Qxd2 Rxd2+ 31. Kxd2 c5 32. Ke2
c4 (32... Qe5+ 33. Kf3 c4 34. Bb1 {-- Partie}) 33. Bb1 Qe5+ 34. Kf3 Qh2 35.
Rce1 (35. Rh1 Qd6 {[%csl Rb1,Gd3][%cal Gd5d4,Gd4d3]}) 35... Qxh3+ 36. Kf4 Kf6
$2 (36... d4 $142 $1 37. Bf5 b5 $132) 37. Rh1 $18 Qc3 38. Rxh6+ Kf7 39. Rh7+
Kf8 40. Rhh1 Qd2+ (40... Qf6+ 41. Bf5 Qb2 42. Kg5 $18) 41. Kf5 c3 (41... Kf7
42. Rh7+ Kf8 (42... Kg8 43. Re8+ Kxh7 44. Kf6+) 43. Ree7 $18) 42. Kg6 $1 1-0

[Event "Corus"]
[Site "Wijk aan Zee"]
[Date "2000.01.28"]
[Round "11"]
[White "Adams, Michael"]
[Black "Timman, Jan H"]
[Result "1-0"]
[WhiteElo "2715"]
[BlackElo "2655"]
[Annotator "Blatny,P"]
[PlyCount "81"]
[EventDate "2000.01.15"]
[EventType "tourn"]
[EventRounds "13"]
[EventCountry "NED"]
[EventCategory "18"]
[SourceTitle "CBM 075"]
[Source "ChessBase"]
[SourceDate "2000.04.05"]
[SourceVersion "1"]
[SourceVersionDate "2000.04.05"]
[SourceQuality "1"]

{[%mdl 2080]} 1. e4 e5 2. Nf3 Nf6 3. Nxe5 d6 4. Nf3 Nxe4 5. d4 d5 6. Bd3 Nc6 7.
O-O Be7 8. c4 Nb4 9. Be2 O-O 10. Nc3 Be6 11. Ne5 f6 12. Nf3 (12. Bg4 Bxg4 (
12... Bc8 13. Bxc8 Rxc8 14. Nd3 Nxc3 15. bxc3 Nxd3 16. Qxd3 c5 17. Be3 cxd4 18.
Qxd4 Bc5 19. Qxd5+ Qxd5 20. cxd5 Bxe3 21. fxe3 Rxc3 $15 {Zulfugarli,M-Motylev,
A/Bydgoszcz Bank Pocztowy op 1999/EXT 2000/0-1 (64)}) 13. Nxg4 dxc4 14. Nxe4 f5
15. Nd2 fxg4 16. Nxc4 c5 17. a3 Nc6 18. dxc5 Qxd1 19. Rxd1 Bxc5 20. Be3 Bxe3
21. Nxe3 h5 22. Rd5 {1/2-1/2 Anand,V-Kramnik,V/Chess Classics Giants 1st pl
1998/CBM 65 ext}) 12... Kh8 (12... c6 13. Re1 Bf5 14. Nh4 Be6 15. a3 Na6 16.
cxd5 Nxc3 17. bxc3 Qxd5 18. Rb1 Qd7 19. Bd3 $132 {0-1 Malikov,S-Gagloshvili,R/
RUS-chT 1996/EXT 99 (25)}) (12... Re8 13. Re1 $14) 13. Qb3 Nxc3 (13... a5 $5
14. c5 Bf5 {[%csl Gb3][%cal Gf5c2,Gc2b3]} 15. Bf4 (15. a3 Nxc5 $1 $19) 15...
Nxc5 $6 16. dxc5 Bc2 17. Qa3 Bxc5 18. Nb5 d4 (18... Nd3 19. Qc3 Nxf4 20. Qxc2
$16) 19. Nxc7 d3 20. Bd1 $18) 14. bxc3 (14. Qxc3 $6 dxc4 15. Bxc4 Bxc4 16. Qxc4
c6 $15) 14... dxc4 (14... Nc6 15. Qxb7 Na5 16. Qa6 {[%csl Ga5,Ge6][%cal Ga6e6,
Ga6a5]} c6 17. cxd5 $16) 15. Bxc4 Bxc4 16. Qxc4 Qd5 (16... Nd5 17. Rb1 (17. a4
c6 18. Qb3 Qb6 $11) 17... Nb6 18. Qb3 c5 19. a4 c4 20. Qb5 Rc8 21. Bd2 Rc7 22.
Rfe1 $14) 17. Qb3 Qxb3 18. axb3 Nd5 19. Re1 Rfe8 20. Bd2 c6 (20... a5 $2 21. c4
{[%csl Ga5][%cal Gd2a5,Ga1a5]} Nb4 22. Rxe7 $1 Rxe7 23. Bxb4 $18) 21. c4 Nb6
22. Nh4 Kg8 (22... g6 $5) 23. Nf5 Kf7 24. Kf1 (24. Nxe7 Rxe7 25. Rxe7+ Kxe7 26.
Bb4+ Kf7 27. Kf1 $14) 24... Bf8 (24... g6 $142 25. Ne3 f5) 25. Rxe8 Kxe8 26.
Ne3 g6 27. Ke2 f5 $6 (27... a6 $142 28. Kd3 (28. c5 Nd5 29. Nxd5 cxd5 30. b4
Kd7 31. b5 $2 Re8+ $17) 28... Kd7 29. Ba5 Nc8 $14) 28. c5 Nd7 29. Nc4 Bg7 30.
Ra4 Kf8 (30... Bf8 31. Bf4 {()}) 31. Kd3 Bf6 (31... a6 32. Na5 $14) (31... Rd8
32. Nd6 b6 33. Rxa7 bxc5 34. Ba5 $18) 32. Na5 b6 33. cxb6 Nxb6 34. Ra2 $1 Rc8
35. Rc2 Rd8 (35... Kf7 36. Nxc6 Rc7 37. Bf4 $16) 36. Nxc6 Rd7 37. Bb4+ $18 Kf7
38. Bc5 Nd5 39. Kc4 (39. Nxa7 $143 Nb4+ 40. Bxb4 Rxd4+ 41. Kc3 Re4+ 42. Kd2
Rxb4 43. Rc7+ Ke6 44. Rc6+ Kf7 $14) 39... Nf4 (39... Nb6+ 40. Kb5 $18) 40. g3
Ne6 41. Ra2 {/\Ra7} 1-0

[Event "Linares 17th"]
[Site "Linares"]
[Date "2000.03.07"]
[Round "7"]
[White "Anand, Viswanathan"]
[Black "Kramnik, Vladimir"]
[Result "1/2-1/2"]
[WhiteElo "2769"]
[BlackElo "2758"]
[Annotator "Blatny,P"]
[PlyCount "49"]
[EventDate "2000.02.28"]
[EventType "tourn"]
[EventRounds "10"]
[EventCountry "ESP"]
[EventCategory "21"]
[SourceTitle "CBM 076"]
[Source "ChessBase"]
[SourceDate "2000.05.31"]
[SourceVersion "1"]
[SourceVersionDate "2000.05.31"]
[SourceQuality "1"]

1. e4 e5 2. Nf3 Nf6 3. Nxe5 d6 4. Nf3 Nxe4 5. d4 d5 6. Bd3 Nc6 7. O-O Be7 8. c4
Nb4 9. cxd5 Nxd3 10. Qxd3 Qxd5 11. Re1 Bf5 12. Ne5 g6 13. f3 $13 (13. Qf3 h5 (
13... Qxd4 14. Nc3 Qxe5 15. Bf4 Qa5 16. b4 Qa3 17. Nd5 Qxf3 18. gxf3 Bd8 19.
fxe4 Be6 20. Nxc7+ Bxc7 21. Bxc7 f6 22. a3 Rc8 23. Rac1 Kf7 {1/2-1/2 Beliavsky,
A-Smyslov,V/Reggio Emilia8687 1986/CBM 04}) 14. Bf4 O-O-O 15. Nc3 Nxc3 16. Qxc3
Bd6 17. Bg5 Rde8 18. Bf6 Rhg8 19. Nc4 Bf4 20. Be5 Bxe5 21. dxe5 Kb8 22. Rac1
Rc8 $14 {Grosar,A-Puljek Salai,Z/Ljubljana op 1992/TD/1-0 (45)}) (13. g4 Bh4
14. Re2 Bxf2+ 15. Rxf2 Nxf2 16. Qe3 Bxb1 17. Nxg6+ Be4 18. Nxh8 Nxg4 19. Qc3
Qd6 20. Qd2 f5 21. h3 Qg3+ {0-1 Rogulj,B-Forintos,G/AUT-chT2S 9697 1997/EXT 99}
) 13... Nf6 14. Qe3 O-O-O $1 (14... Qd6 $5) 15. Nc3 Qxd4 16. Qxd4 Rxd4 17. Be3
Rb4 18. b3 Be6 19. Bf2 $1 {[%csl Gb4,Ge7][%cal Ge5f7,Ge5d3,Gd3b4]} Bd6 $1 20.
Nd3 Rd8 21. Nxb4 (21. Red1 Bxb3 22. axb3 Rxb3 23. Ne2 Rxd3 24. Rxd3 Bxh2+ 25.
Kxh2 Rxd3 26. Rxa7 Rd2 27. Bh4 Nd5 $15) 21... Bxb4 22. Rec1 (22. Rac1 Rd3 23.
Re3) 22... Bxc3 23. Rxc3 Nd5 24. Rd3 b6 25. Rad1 1/2-1/2

[Event "Linares 17th"]
[Site "Linares"]
[Date "2000.03.08"]
[Round "8"]
[White "Shirov, Alexei"]
[Black "Anand, Viswanathan"]
[Result "1/2-1/2"]
[WhiteElo "2751"]
[BlackElo "2769"]
[Annotator "Blatny,P"]
[PlyCount "45"]
[EventDate "2000.02.28"]
[EventType "tourn"]
[EventRounds "10"]
[EventCountry "ESP"]
[EventCategory "21"]
[SourceTitle "CBM 076"]
[Source "ChessBase"]
[SourceDate "2000.05.31"]
[SourceVersion "1"]
[SourceVersionDate "2000.05.31"]
[SourceQuality "1"]

1. e4 e5 2. Nf3 Nf6 3. Nxe5 d6 4. Nf3 Nxe4 5. d4 d5 6. Bd3 Nc6 7. O-O Be7 8. c4
Nb4 9. Be2 O-O 10. Nc3 (10. a3 Nc6 11. cxd5 Qxd5 12. Nc3 Nxc3 13. bxc3 Bf5 14.
Bf4 Na5 15. Re1 (15. Bxc7 b6 16. c4 Nxc4 17. Qb3 Be6 18. Bxc4 Qxc4 19. Qxc4
Bxc4 20. Rfe1 Rfe8 21. Nd2 Be6 22. Ne4 Rec8 23. Rec1 Bd5 24. Nd6 Bxd6 {1/2-1/2
Lytchak,B-Simon,H/NRW-Liga II 9899 1999/EXT 2000}) 15... Bd6 16. Ne5 Rad8 17.
a4 {1/2-1/2 Ivanchuk,V-Kramnik,V/Dortmund 1998/CBM 66}) 10... b6 $5 (10... Bg4
11. a3 Nxc3 12. bxc3 Nc6 13. Rb1 Rb8 14. Re1 Bf6 15. Bf4 Ne7 16. h3 Be6 17. c5
b6 18. cxb6 axb6 19. Bd3 h6 20. Qc2 $14 {Krieger,H-Reimer,E/Brocco op 1990/EXT
97/0-1 (58)}) (10... Nf6 11. a3 Nc6 12. c5 Ne4 13. Qc2 Bg4 14. Be3 Nxc3 15.
Qxc3 Bf6 16. h3 Bh5 17. b4 h6 18. b5 Ne7 19. g4 Bg6 20. h4 $36 {Leyva,H-Charon,
M/Havana op 1992/EXT 2000/1-0 (45)}) (10... Nxc3 11. bxc3 Nc6 12. cxd5 Qxd5 13.
c4 Qd6 14. Be3 Rd8 15. Rb1 b6 16. Qd2 Qg6 17. Bd3 Bf5 18. Bxf5 Qxf5 19. Rb5 Qe4
20. Re1 $14 {Lau,R-Penz,H/Carl Schlechter mem 1996/CBM 55 ext/[Balinov]/1/2-1/
2 (30)}) (10... Be6 11. Bf4 $14) 11. Ne5 Bb7 12. a3 Nxc3 13. bxc3 Nc6 14. Bf3
Na5 (14... Nxe5 15. dxe5 {[%csl Gb7,Gd5][%cal Gf3b7]}) 15. c5 $5 (15. cxd5 Bxd5
16. Bxd5 Qxd5 17. Re1 $11) 15... c6 $1 (15... bxc5 16. Rb1 Bd6 17. Qa4 c6 18.
Rxb7 Nxb7 19. Qxc6 Bxe5 20. dxe5 Rb8 21. Bxd5 $44) 16. Re1 (16. cxb6 axb6 17.
Bg4 Bc8 $11) 16... Bf6 (16... bxc5 $5 17. Rb1 Bc8 $13) 17. Ng4 (17. Rb1 Re8 $13
) 17... Bc8 (17... bxc5 18. Ra2 $1 $14 (18. dxc5 $4 Bxc3 {[%csl Ra1,Re1][%cal
Rc3a1,Rc3e1]}) (18. Nxf6+ Qxf6 19. dxc5 Rfe8 $13 (19... Qxc3 20. Bd2 Qxc5 21.
Bb4 $11))) 18. cxb6 axb6 19. a4 Nc4 (19... Bxg4 20. Bxg4 Re8 $13) 20. Nxf6+
Qxf6 21. Ba3 Nxa3 22. Rxa3 Be6 23. Qb3 (23. Qb3 Rfb8 24. a5 bxa5 25. Rxa5 $11)
1/2-1/2

[Event "Linares 17th"]
[Site "Linares"]
[Date "2000.03.10"]
[Round "10"]
[White "Kasparov, Garry"]
[Black "Anand, Viswanathan"]
[Result "1/2-1/2"]
[WhiteElo "2851"]
[BlackElo "2769"]
[Annotator "Blatny,P"]
[PlyCount "59"]
[EventDate "2000.02.28"]
[EventType "tourn"]
[EventRounds "10"]
[EventCountry "ESP"]
[EventCategory "21"]
[SourceTitle "CBM 076"]
[Source "ChessBase"]
[SourceDate "2000.05.31"]
[SourceVersion "1"]
[SourceVersionDate "2000.05.31"]
[SourceQuality "1"]

1. e4 e5 2. Nf3 Nf6 3. Nxe5 d6 4. Nf3 Nxe4 5. d4 d5 6. Bd3 Nc6 7. O-O Be7 8. c4
Nb4 9. Be2 O-O 10. Nc3 (10. a3 Nc6 11. cxd5 Qxd5 12. Nc3 Nxc3 13. bxc3 Bf5 14.
Bf4 Na5 15. Re1 (15. Bxc7 b6 16. c4 Nxc4 17. Qb3 Be6 18. Bxc4 Qxc4 19. Qxc4
Bxc4 20. Rfe1 Rfe8 21. Nd2 Be6 22. Ne4 Rec8 23. Rec1 Bd5 24. Nd6 Bxd6 {1/2-1/2
Lytchak,B-Simon,H/NRW-Liga II 9899 1999/EXT 2000}) 15... Bd6 16. Ne5 Rad8 17.
a4 {1/2-1/2 Ivanchuk,V-Kramnik,V/Dortmund 1998/CBM 66}) 10... b6 (10... Nxc3
11. bxc3 Nc6 12. cxd5 Qxd5 13. c4 Qd6 14. Be3 Rd8 15. Rb1 b6 16. Qd2 Qg6 17.
Bd3 Bf5 18. Bxf5 Qxf5 19. Rb5 $14 {Lau,R-Penz,H/Carl Schlechter mem 1996/CBM
55 ext//1/2-1/2 (30)}) 11. a3 Nxc3 12. bxc3 Nc6 13. cxd5 Qxd5 14. Re1 Bb7 15.
Bd3 Rae8 16. c4 Qd8 (16... Qh5 17. d5 Bd6 18. dxc6 Rxe1+ (18... Bxc6 19. Be3)
19. Qxe1 Bxc6 20. Be2 $14) 17. d5 Nb8 18. Qc2 $6 (18. Ne5 Bf6 (18... Nd7 19.
Qh5 $40) 19. Bb2 Nd7 20. f4 $14) 18... g6 $1 19. Ne5 (19. Bh6 Bf6 $1) 19... Bf6
20. Bb2 Nd7 21. f4 Bg7 22. Qf2 Nc5 23. Bc2 Qd6 24. Re3 f6 25. Ng4 Rxe3 26. Qxe3
(26. Nxe3 Re8 $13) 26... Bc8 27. f5 $5 (27. h3 Bxg4 28. hxg4 Rf7 29. Re1 Bf8
$11) 27... Bxf5 28. Bxf5 gxf5 29. Nf2 Ne4 (29... Na4 30. Bd4) 30. Nxe4 (30.
Nxe4 fxe4 31. Qxe4 f5 32. Qc2 Bxb2 33. Qxb2 Qc5+ 34. Kh1 Qxc4 35. Qe5 $13)
1/2-1/2